000 00627nam a2200205Ia 4500
003 IN-BaIIA
008 211028s9999 xx 000 0 eng d
040 _cIIA Library
080 _a535.338
_bKRO
100 _aKroonen, J.
_94316
245 0 _aLine intereference in emission spectrographic analysis
_c J. Kroonen and D. Vader
260 _aAmsterdam
_bElsevier
_c1963
300 _aviii, 213p.
650 _aLine Intereference
_94317
650 _aNASA Thesaurus
650 _aSpectrographs
_94318
650 _aSpectroscopy
_91535
700 _aVader, D.
_94319
942 _cBK
999 _c2412
_d2412